| 000 | 00683nam a2200205Ia 4500 | ||
|---|---|---|---|
| 005 | 20250425162814.0 | ||
| 008 | 250425s9999 xx 000 0 und d | ||
| 020 | _a9781605668406 | ||
| 041 |
_z _heng |
||
| 082 |
_a629.277 _pCHU |
||
| 100 | _aChung-Ming Huang | ||
| 245 | 0 |
_aTelematics Communication Technologies And Vehicular Networks _bWireless Architectures And Applications _cHuang Chung-Ming. |
|
| 260 |
_aNew York _bINFORMATION SCIENCE REFERENCE _c2010 |
||
| 300 |
_a411 p. _bIlustrado _c29 cm |
||
| 500 | _aIncluye Tabla de Contenido, Indice | ||
| 650 |
_aSistema de Telecomunicación _eRedes Telemáticas |
||
| 700 | _aChen, Yuh-Shyan | ||
| 942 | _c01 | ||
| 010 | _a109355 | ||
| 999 |
_c236801 _d236801 |
||